00489nam a22001697a 450000500170000001000150001702000260003203500140005803700090007208200130008110000170009424500560011125000060016726000390017327000870021230000200029920260212104202.0 aENG-147842 a9789391962678c695.00 aEN-131374 bDBAD a306.0954 aNaresh Kumar aIndian Economics Issues and Policies/cNaresh Kumar a1 aNew DelhibAvni Publicationsc2023 aRZ-45D, Street No. 2, Main SagarpurbNew Delhie110046mavnipublications@gmail.com a204p.c22cm(hb)